LEADER 01493nam a2200277 i 4500 001 000000244684 003 CaOOAMICUS 005 20150813000000.0 008 150813s1997 it s u000 u ita u 013 $a223589 040 $aSeMil$bita 245 10$aAntonio Guarnieri /$cAnalog Transferring and Digital Remastering David A. Contini. 300 $a1 CD (ca. 78 min) ;$cin contenitore, 13x15x1 cm. 490 0 $aGrandi Maestri alla Scala ;$v4. [CD 1] 500 $aIndice [estratti da] : Concerto Grosso in Sol minore di Antonio Vivaldi ; Tristano e Isotta, Parsifal di Richard Wagner ; Sinfonia n. 2 in Fa maggiore, Op. 81, di Giuseppe Martucci. - Titolo dell'etichetta. - Formulazione di responsabilitą del contenitore. - In custodia con monografia e CD 2. - COLLOCAZIONE : UFFICIO. 700 1 $aContini, David.$0(OLS)http://semarc/name/82455 700 1 $aGuarnieri, Antonio <1883-1952>.$0(OLS)http://semarc/name/14980 773 0 $tAntonio Guarnieri.$d[S.l.] : CAB, Banca Lombarda, copyr. 1996-copyr. 1997.$gCD1$w()32433 774 0 $tConcerto Grosso in Sol minore.$w()324864 774 0 $tTristano e Isotta.$w()324865 774 0 $tSinfonia n. 2 in Fa maggiore, Op. 81.$w()324866 830 0$aGrandi Maestri alla Scala ;$v4. [CD 1].$0(OLS)http://semarc/title/43971 850 $aSeMil 852 $aSeMil$W1$xVenegono$y1$m$j2960$B195030$CSeMilBibl$Z2$F0 $8B 961 $aOmaggio: Ferrario mons. Emilio 996 $6245$aAntonio Guarnieri$9(OLS)http://semarc/title/100337 LEADER 00848nam a2200205 i 4500 001 000000037508 003 CaOOAMICUS 005 20060911000000.0 008 060911s1967 it u000 u ita u 013 $a7793 040 $aSeMil$bita 100 0 $aVincentius : Lerinensis,$c.$0(OLS)http://semarc/name/17885 245 13$aIl commonitorio /$cS. Vincenzo di Lerino ; introduzione, traduzione e note a cura di D. Cesare Colafemmina. 260 $a[Italia] :$bPaoline,$c1967. 300 $a190 p. ;$c20 cm. 650 4$aPatristica - Scrittori latini - Sec. 5.$0(OLS)http://semarc/subject/5813 850 $aSeMil 852 $aSeMil$W1$xVenegono$y1$m2S II 245$j3663$B3663$CSeMilBibl$Z2$F3663 $81 996 $6245$aIl commonitorio$9(OLS)http://semarc/title/52540 996 $6260$a[Italia] :$bPaoline$9(OLS)http://semarc/publisher/31241